Statistics for Speed Skating at the Winter Olympics

Click here to take the quiz!

General Stats

  • This quiz has been taken 47 times
  • The average score is 19 of 24

Answer Stats

Total MedalsCountry% Correct
121Netherlands
98%
84Norway
98%
16Sweden
98%
37Canada
95%
8China
95%
38Germany
95%
21Japan
95%
24Finland
93%
68USA
93%
6Austria
90%
13Russia
90%
16South Korea
90%
2Belgium
85%
4Italy
85%
6Poland
85%
7Czech Republic
83%
60Soviet Union
83%
29East Germany
78%
1Kazakhstan
68%
1North Korea
65%
3West Germany
65%
1Belarus
63%
1Olympic Athletes from Russia
18%
2United Team of Germany
8%

Score Distribution

Percentile by Number Answered

Percent of People with Each Score

Your Score History

You have not taken this quiz